| 000 | 00664cam a2200145 4500500 | ||
|---|---|---|---|
| 005 | 20260111092415.0 | ||
| 041 | _afre | ||
| 042 | _adc | ||
| 100 | 1 | 0 |
_aGaveau, Fabien _eauthor |
| 245 | 0 | 0 | _aLaurent Brassart, Jean-Pierre Jessenne et Nadine Vivier eds., Clochemerle ou république villageoise ? La conduite municipale des affaires villageoises en Europe, xviiie-xxe siècle. Lille, Presses universitaires du Septentrion, 2012, 356 p. |
| 260 | _c2014. | ||
| 500 | _a66 | ||
| 786 | 0 | _nÉtudes rurales | 192 | 2 | 2014-02-01 | p. 187d-189d | 0014-2182 | |
| 856 | 4 | 1 | _uhttps://shs.cairn.info/revue-etudes-rurales-2013-2-page-187d?lang=fr&redirect-ssocas=7080 |
| 999 |
_c1623526 _d1623526 |
||